00487nam a2200157Ia 450000500170000000800410001708200130005810000170007124500220008826000650011030000130017550000210018894200060020995200990021599900150031420250322133438.0240331s9999 xx 000 0 und d bMAHa894 aMahendran, K 0aThoovanam kavanam aTellappalaibLyceum of Literary and Aesthetic Studiesc1988 a152 p ., aA novel in Tamil cL 001040708LaWERCLbWERCLcSSCd2024-03-31l0o 894.811 MAHp1180r2024-03-31w2024-03-31yL c5449d5449